<?xml version="1.0" encoding="UTF-8"?>
<record
    xmlns:xsi="http://www.w3.org/2001/XMLSchema-instance"
    xsi:schemaLocation="http://www.loc.gov/MARC21/slim http://www.loc.gov/standards/marcxml/schema/MARC21slim.xsd"
    xmlns="http://www.loc.gov/MARC21/slim">

  <leader>00886nam a2200217Ia 4500</leader>
  <controlfield tag="003">OSt</controlfield>
  <controlfield tag="005">20250902143638.0</controlfield>
  <controlfield tag="008">210210b1995   xxu||||| |||| 00| 0 eng d</controlfield>
  <datafield tag="040" ind1=" " ind2=" ">
    <subfield code="c">AL</subfield>
  </datafield>
  <datafield tag="041" ind1=" " ind2=" ">
    <subfield code="a">Kannada</subfield>
  </datafield>
  <datafield tag="082" ind1=" " ind2=" ">
    <subfield code="a">K894.109 NARP</subfield>
  </datafield>
  <datafield tag="100" ind1=" " ind2=" ">
    <subfield code="a">NARASIMHACHAR (S G).</subfield>
    <subfield code="d">&#xCA8;&#xCB0;&#xCB8;&#xCBF;&#xCAE;&#xCBE;&#xC9A;&#xCBE;&#xCB0;&#xCCD; (&#xC8E;&#xCB8;&#xCCD; &#xC9C;&#xCBF; )</subfield>
    <subfield code="9">202992</subfield>
  </datafield>
  <datafield tag="245" ind1=" " ind2=" ">
    <subfield code="a">Pampakavi Virachitam Adipuranam </subfield>
    <subfield code="b"> &#xCAA;&#xC82;&#xCAA;&#xC95;&#xCB5;&#xCBF; &#xCB5;&#xCBF;&#xCB0;&#xC9A;&#xCBF;&#xCA4;&#xC82; &#xC86;&#xCA6;&#xCBF;&#xCAA;&#xCC1;&#xCB0;&#xCBE;&#xCA3;&#xC82;</subfield>
  </datafield>
  <datafield tag="260" ind1=" " ind2=" ">
    <subfield code="a">Bengaluru.</subfield>
    <subfield code="b">Kannada Mattu Samskrathi Nirdeshanalaya.,</subfield>
    <subfield code="c">1995</subfield>
  </datafield>
  <datafield tag="300" ind1=" " ind2=" ">
    <subfield code="a">xv,464</subfield>
  </datafield>
  <datafield tag="520" ind1=" " ind2=" ">
    <subfield code="a">Pampakavi Virachitam Adipuranam Pitike Kathasara Parishkratapatya Anubanda    &#xCAA;&#xCC0;&#xCA0;&#xCBF;&#xC95;&#xCC6;  &#xC95;&#xCA5;&#xCBE;&#xCB8;&#xCBE;&#xCB0; &#xCAA;&#xCB0;&#xCBF;&#xCB7;&#xCCD;&#xC95;&#xCC3;&#xCA4; &#xCAA;&#xCA0;&#xCCD;&#xCAF;  &#xC85;&#xCA8;&#xCC1;&#xCAC;&#xC82;&#xCA7;</subfield>
  </datafield>
  <datafield tag="650" ind1=" " ind2=" ">
    <subfield code="a">Adipuranam Venkatachala Shastry</subfield>
    <subfield code="9">202993</subfield>
  </datafield>
  <datafield tag="690" ind1=" " ind2=" ">
    <subfield code="a">Kannada Poetry Criticism</subfield>
    <subfield code="9">202994</subfield>
  </datafield>
  <datafield tag="906" ind1=" " ind2=" ">
    <subfield code="a">057732</subfield>
  </datafield>
  <datafield tag="942" ind1=" " ind2=" ">
    <subfield code="2">ddc</subfield>
    <subfield code="c">BK</subfield>
  </datafield>
  <datafield tag="999" ind1=" " ind2=" ">
    <subfield code="c">105380</subfield>
    <subfield code="d">105380</subfield>
  </datafield>
  <datafield tag="952" ind1=" " ind2=" ">
    <subfield code="0">0</subfield>
    <subfield code="1">0</subfield>
    <subfield code="2">ddc</subfield>
    <subfield code="4">0</subfield>
    <subfield code="7">0</subfield>
    <subfield code="8">KAN</subfield>
    <subfield code="a">AL</subfield>
    <subfield code="b">AL</subfield>
    <subfield code="d">2021-02-17</subfield>
    <subfield code="e">Sahayaka Nirdeshakara Kacheri, Mangaluru.</subfield>
    <subfield code="g">70.00</subfield>
    <subfield code="l">0</subfield>
    <subfield code="o">K894.109 NARP</subfield>
    <subfield code="p">057732</subfield>
    <subfield code="r">2021-02-17 00:00:00</subfield>
    <subfield code="w">2021-02-17</subfield>
    <subfield code="y">BK</subfield>
  </datafield>
</record>
